000 00306nam a22001337a 4500
008 180831b xxu||||| |||| 00| 0 eng d
020 _a67508
041 _aeng
080 _a710
100 _a45
101 _aART
245 _aGOYA - Color Slide Program of the Great Masters
_cGoya, F
942 _2udc
_cBK
999 _c47418
_d47418